000 00638nam a2200205Ia 4500
003 OSt
005 20250811092724.0
008 210210b2002 xxu||||| |||| 00| 0 eng d
040 _cAL
041 _aKannada
082 _aK894.109 NAYH
100 _aNAYAKA (G H)
_dನಾಯಕ (ಜಿ ಎಚ್ )
_9234967
245 _aHarishchandra kavya: odu vimarshe
_bಹರಿಶ್ಚಂದ್ರ ಕಾವ್ಯ: ಓದು ವಿಮರ್ಶೆ
260 _aAnkola
_bRaghavendra prakashana
_c2002
300 _avii,93
650 _aRaghavanka
_9234968
690 _aKannada Poetry Criticism
_9234969
906 _a058342
942 _2ddc
_cBK
999 _c105770
_d105770